00289nam a2200133Ia 4500003000400000005001700004008004100021020001600062040001000078100002000088245002200108260001600130260000900146OSt20240127112654.0170524s9999 xx 000 0 und d a 8177001663 ciimtu aHussain- Ashfaq 0aElectric Machines bDhanpat Rai c2011